000 00968nac a22002897a 4500
001 BR9904031
003 BR-BrBNA
005 20240105122257.0
008 230509b bl.|||m| |||| 00| 0 por d
040 _aBR-BrBNA
_bpor
_cBiblioteca Nacional de Agricultura
072 _aF30
090 _a0150 BR9904031
100 1 _aSantos, R.R.S.
100 1 _aYokokura, T.
110 1 _aEmpresa Maranhense de Pesquisa Agropecuaria, Sao Luis (Brasil)
_94227
245 1 _aEnsaio de introducao de cultivares de arroz irrigado na baixada ocidental maranhense regiao 3 1984/85
260 3 _aSao Luis, MA (Brasil):
_c1986.
300 _a10 p.
490 _aPesquisa em Andamento - Empresa Maranhense de Pesquisa Agropecuaria (Brazil)
_vno. 24
_x
650 _aArroz Irrigado
650 _aIntroducao de Planta
650 _aVariedade
650 _aCruzamento Vegetal
650 _aMaranhao
909 _a202312
_bLúcia Elande
_c55
_dLúcia Elande
942 _2AGRIS
_n0
_cMS
999 _c290171
_d290171